000 01095nam a2200301 a 4500
003 AR-BaBNM
005 20251128203753.0
008 082120s2002 ||||||||||||||000 | spa||
020 _a950-582-263-0
040 _cAR-BaBNM
100 1 _aKaplún, Mario
245 0 0 _aComunicación entre grupos
_bel método del cassette-foro
260 _aBuenos Aires
_bHumanitas
_c1990
300 _a209 p.
_bil., diagr.
490 0 _aGuidance
500 _aEl cassette-foro es un sistema de comunicación para la promoción comunitaria y la educación de adultos, puesto al servicio de organizaciones populares -rurales y urbanas-, centrales cooperativas, centros de educación popular, programas de educación a dist
504 _aBibliografía: p. 207-209
650 4 _aEDUCACION DE ADULTOS
650 4 _aMETODOS DE ENSEÑANZA
650 4 _aDINAMICA DE GRUPO
650 4 _aRADIO EDUCATIVA
650 4 _aPARTICIPACION DE LA COMUNIDAD
650 4 _aANIMADORES DE LA COMUNIDAD
650 4 _aDRAMATIZACION
800 1 _aSierra de Villaverde, Sela
_edirector
942 _cBK
998 _cSILVI
999 _c4874
_d4874